Le Christ dans la pensée russe (Record no. 127421)
[ view plain ]
| 000 -LEADER | |
|---|---|
| fixed length control field | 00863cam a22002651 4500 |
| 001 - CONTROL NUMBER | |
| control field | 6207282 |
| 003 - CONTROL NUMBER IDENTIFIER | |
| control field | ARRUPE |
| 005 - DATE AND TIME OF LATEST TRANSACTION | |
| control field | 20180117111856.0 |
| 008 - FIXED-LENGTH DATA ELEMENTS--GENERAL INFORMATION | |
| fixed length control field | 730410s1970 xx 000 0 fre |
| 010 ## - LIBRARY OF CONGRESS CONTROL NUMBER | |
| LC control number | 74538358 |
| 035 ## - SYSTEM CONTROL NUMBER | |
| System control number | (OCoLC)600010 |
| 040 ## - CATALOGING SOURCE | |
| Original cataloging agency | DLC |
| Transcribing agency | OSW |
| Modifying agency | DLC |
| 042 ## - AUTHENTICATION CODE | |
| Authentication code | premarc |
| 050 00 - LIBRARY OF CONGRESS CALL NUMBER | |
| Classification number | BT198 |
| Item number | .E9 |
| 300 ## - PHYSICAL DESCRIPTION | |
| Dimensions | 20 cm. |
| 100 1# - MAIN ENTRY--PERSONAL NAME | |
| Personal name | Evdokimov, Paul, |
| Dates associated with a name | 1901-1970. |
| 9 (RLIN) | 38569 |
| 245 13 - TITLE STATEMENT | |
| Title | Le Christ dans la pensée russe |
| Statement of responsibility, etc | Paul Evdokimov. |
| 260 ## - PUBLICATION, DISTRIBUTION, ETC. (IMPRINT) | |
| Place of publication, distribution, etc | Paris, |
| Name of publisher, distributor, etc | Éditions du Cerf |
| Date of publication, distribution, etc | 1970 |
| 300 ## - PHYSICAL DESCRIPTION | |
| Extent | 244 p. |
| 490 0# - SERIES STATEMENT | |
| Series statement | Théologie sans frontieres, 14. Série orthodoxe |
| 504 ## - BIBLIOGRAPHY, ETC. NOTE | |
| Bibliography, etc | Bibliography: p. [217]-242. |
| 600 00 - SUBJECT ADDED ENTRY--PERSONAL NAME | |
| Personal name | Jesus Christ |
| General subdivision | History of doctrines. |
| 9 (RLIN) | 7447 |
| 650 #0 - SUBJECT ADDED ENTRY--TOPICAL TERM | |
| Topical term or geographic name as entry element | Religious thought |
| Geographic subdivision | Soviet Union. |
| 9 (RLIN) | 38570 |
| 906 ## - LOCAL DATA ELEMENT F, LDF (RLIN) | |
| a | 7 |
| b | cbc |
| c | oclcrpl |
| d | u |
| e | ncip |
| f | 19 |
| g | y-gencatlg |
| 942 ## - ADDED ENTRY ELEMENTS (KOHA) | |
| Source of classification or shelving scheme | Library of Congress Classification |
| Koha item type | Monograph ( Printed materials) |
| Withdrawn status | Lost status | Source of classification or shelving scheme | Damaged status | Not for loan | Collection code | Home library | Current library | Shelving location | Date acquired | Total Checkouts | Full call number | Barcode | Date last seen | Price effective from | Koha item type |
|---|---|---|---|---|---|---|---|---|---|---|---|---|---|---|---|
| Library of Congress Classification | Main Collection | ARRUPE LIBRARY | ARRUPE LIBRARY | Main Collection | 17/01/2018 | BT198 .E9 | 46600000894 | 17/01/2018 | 17/01/2018 | Monograph ( Printed materials) |